00526nam a2200169Ia 450000500170000000800410001708200130005810000120007124500430008325000080012626000410013430000120017550000550018794200060024295200950024899900130034320250425081732.0240331s9999 xx 000 0 und d a297bMAR aMarx, A 0aIslamiyarrukku etirana kattuk kataikal a2nd aPuthuvaibMakkal Kalvi iyakkamc1994 a48 p ., aIslamiyarkaluku ethirana kattukadhaikal patriyathu cL 001040708LaWERCLbWERCLcSSCd2024-03-31l0o 297 MARp5020r2024-03-31w2024-03-31yL c953d953